Hướng dẫn thực hành thăm dò về sản khoa

Guardat en:
Dades bibliogràfiques
Autor principal: Phan Trường Duyệt
Format: Llibre
Idioma:Undetermined
Publicat: Hà Nội Y Học 2000
Matèries:
Etiquetes: Afegir etiqueta
Sense etiquetes, Sigues el primer a etiquetar aquest registre!
Thư viện lưu trữ: Trung tâm Học liệu Trường Đại học Cần Thơ
LEADER 00553nam a2200193Ia 4500
001 CTU_42171
008 210402s9999 xx 000 0 und d
020 |b 68.500đ 
082 |a 618.2 
082 |b D528h 
100 |a Phan Trường Duyệt 
245 0 |a Hướng dẫn thực hành thăm dò về sản khoa 
245 0 |c Phan Trường Duyệt 
260 |a Hà Nội 
260 |b Y Học 
260 |c 2000 
650 |a obstetrics 
904 |i Minh, 010705 
980 |a Trung tâm Học liệu Trường Đại học Cần Thơ